| 000 | 00674nam a2200229 i 4500 | ||
|---|---|---|---|
| 001 | 42595 | ||
| 003 | ES-MaACL | ||
| 005 | 20230906160637.0 | ||
| 007 | t| | ||
| 008 | 030407s2002 sp ||||1| spa d | ||
| 020 | _a84-95489-52-X | ||
| 080 | _a821.134.2-22"19" | ||
| 100 | 1 |
_aLenza González, Enrique. _971558 |
|
| 245 | 1 | 3 |
_aLa amarga soledad ; Nubes de verano / _cEnrique Lenza González. |
| 260 |
_aMadrid : _bLa Avispa, _c[2002] |
||
| 300 |
_a68 p. ; _c22 cm. |
||
| 490 | 1 |
_aLa avispa ; _v102 |
|
| 740 | 0 | _aNubes de verano. | |
| 830 | 0 |
_aLa avispa ; _v102 _9179650 |
|
| 852 |
_aES-MaACL _jL-26222 _bR.131706 _q. - Ded. autógr. del autor |
||
| 999 |
_c42595 _d42595 |
||